[Event "FIDE Grand Swiss 2019"]
[Site "Douglas"]
[Date "18.10.2019"]
[Round "8.24"]
[White "Ragger, Markus"]
[Black "Sadhwani, Raunak"]
[Result "1-0"]
[WhiteTitle "GM"]
[BlackTitle "IM"]
[WhiteElo "2684"]
[BlackElo "2479"]
[WhiteFideId "1610856"]
[BlackFideId "35093487"]
[EventDate "2019.10.10"]

1. e4 c6 2. Nc3 d5 3. Nf3 dxe4 4. Nxe4 Nf6 5. Qe2 Nxe4 6. Qxe4 Be6 7. b3 Nd7 8.
Bb2 Nf6 9. Qe2 Bf5 10. Ne5 Qd5 11. O-O-O Qe4 12. d3 Qxe2 13. Bxe2 h5 14. h3 h4
15. Bf3 Rc8 16. g4 hxg3 17. fxg3 g6 18. g4 Bh6+ 19. Kb1 Be6 20. h4 Bg7 21. Rde1
Bd5 22. g5 Nh5 23. Bg4 Rd8 24. Rhf1 Rg8 25. Ba3 Bf8 26. c4 Be6 27. Bxe6 fxe6 28.
Rf3 Rd4 29. Ref1 Rxh4 30. Rxf8+ 1-0

[Event "FIDE Grand Swiss 2019"]
[Site "Douglas"]
[Date "18.10.2019"]
[Round "8.25"]
[White "Sethuraman, S.P."]
[Black "Korobov, Anton"]
[Result "1/2-1/2"]
[WhiteTitle "GM"]
[BlackTitle "GM"]
[WhiteElo "2624"]
[BlackElo "2679"]
[WhiteFideId "5021596"]
[BlackFideId "14105730"]
[EventDate "2019.10.10"]

1. e4 c5 2. Nf3 d6 3. d4 cxd4 4. Nxd4 Nf6 5. Nc3 a6 6. h3 e6 7. g4 h6 8. Bg2 g5
9. b3 Nbd7 10. Bb2 Ne5 11. Qd2 Qc7 12. O-O-O Bd7 13. Nce2 Be7 14. f4 gxf4 15.
Nxf4 O-O-O 16. Kb1 Rdg8 17. Nd3 Be8 18. Rhf1 Nfd7 19. Nf4 Kb8 20. Qe2 Rh7 21.
Nh5 Rg6 22. Rfe1 Bh4 23. Rf1 Be7 24. Qf2 Nf6 25. Nf4 Rg8 26. Qe2 h5 27. gxh5
Rgh8 28. Qe1 Nxh5 29. Nd3 Rg8 30. Qf2 Rhg7 31. Rg1 Nxd3 32. cxd3 Nf4 33. Qxf4
Rxg2 34. Rxg2 Rxg2 35. Qf3 Rg8 36. Ne2 Qc5 37. Bd4 Qb5 38. Rg1 Rxg1+ 39. Bxg1 f5
40. exf5 Bc6 41. Qg3 Qxf5 42. Nd4 Qf1+ 43. Kc2 Bd7 44. Qg7 Qf6 45. Qxf6 Bxf6 46.
Nf3 e5 47. h4 Bg4 48. Nh2 Bh5 49. Bf2 Kc7 50. Nf1 d5 51. Nd2 Kd6 52. Kc3 Be2 53.
b4 Ke6 54. Nb3 d4+ 55. Kc2 Bf3 56. Nc5+ Kf5 57. a4 Be7 58. Bg3 a5 59. Be1 axb4
60. Bxb4 Bxh4 61. a5 Bc6 62. a6 bxa6 63. Nxa6 Kf4 64. Bd6 Bf6 65. Kd2 Kf3 66.
Nc5 Bg5+ 67. Kc2 Bf4 68. Bb8 Kg4 69. Bc7 Kf5 70. Bd6 Bg5 71. Kd1 Bd8 72. Ke2 Ba5
73. Nb3 Bc3 74. Nc5 Bb5 75. Ne4 Ba5 76. Nc5 Be8 77. Kd1 Bh5+ 78. Kc2 Bf3 79. Nb3
Bd8 80. Nc5 Bg5 81. Bf8 Bf4 82. Bd6 Kg4 83. Ne6 Bg3 84. Nc5 Bc6 85. Kd2 Kf3 86.
Bb8 Bf4+ 87. Kc2 Ke2 88. Bd6 Bg3 89. Bc7 Bf3 90. Nb3 Ke3 91. Nc5 Bg4 92. Bd6 Ke2
93. Nb3 Kf2 94. Bc7 Be2 95. Nc5 Ke3 96. Bd6 Bh2 97. Bc7 Kf2 98. Ne4+ Ke1 99.
Ba5+ Kf1 100. Bc7 Bf3 101. Nc5 Bg4 102. Nb3 Kg2 103. Bd6 Bf5 104. Nc5 1/2-1/2

[Event "FIDE Grand Swiss 2019"]
[Site "Douglas"]
[Date "18.10.2019"]
[Round "8.26"]
[White "Narayanan, S.L."]
[Black "Cheparinov, Ivan"]
[Result "1/2-1/2"]
[WhiteTitle "GM"]
[BlackTitle "GM"]
[WhiteElo "2611"]
[BlackElo "2670"]
[WhiteFideId "5058422"]
[BlackFideId "2905540"]
[EventDate "2019.10.10"]

1. e4 c5 2. Nf3 d6 3. d4 cxd4 4. Nxd4 Nf6 5. Nc3 a6 6. Be2 e5 7. Nb3 Be7 8. Be3
Be6 9. O-O O-O 10. Re1 Nbd7 11. a4 Qc7 12. a5 Rfc8 13. Bf3 h6 14. Nd2 b5 15.
axb6 Nxb6 16. Ra5 Bd8 17. h3 Nc4 18. Nxc4 Bxc4 19. Ra4 Rab8 20. Qa1 Qb7 21. b3
Bb5 22. Ra2 Bc6 23. Qd1 Qb4 24. Bd2 Qb7 25. Qe2 a5 26. Qd3 Bb6 27. Be3 Bxe3 28.
Rxe3 Qb4 29. Qd2 Bb5 30. Qe1 Rc5 31. Nxb5 Qxb5 32. Be2 Qb4 33. Qxb4 Rxb4 34. Bd3
Nd7 35. Bc4 Kf8 36. Rd3 Ke7 37. c3 Rb8 38. Rd5 Rxd5 39. Bxd5 Nb6 40. Rxa5 1/2-1/2

[Event "FIDE Grand Swiss 2019"]
[Site "Douglas"]
[Date "18.10.2019"]
[Round "8.27"]
[White "Leko, Peter"]
[Black "Akopian, Vladimir"]
[Result "1/2-1/2"]
[WhiteTitle "GM"]
[BlackTitle "GM"]
[WhiteElo "2670"]
[BlackElo "2638"]
[WhiteFideId "703303"]
[BlackFideId "13300032"]
[EventDate "2019.10.10"]

1. e4 c6 2. d4 d5 3. e5 Bf5 4. Nd2 e6 5. Nb3 c5 6. dxc5 Bxc5 7. Nxc5 Qa5+ 8. c3
Qxc5 9. Be3 Qc7 10. f4 Ne7 11. Be2 O-O 12. Nf3 Nbc6 13. O-O f6 14. exf6 Rxf6 15.
g3 h6 16. Rc1 Be4 17. c4 Rd8 18. cxd5 exd5 19. Bd4 Rff8 20. b4 Qd7 21. Bc5 b6
22. Bxe7 Nxe7 23. Nd4 Nf5 24. Bg4 Qd6 25. Bxf5 Bxf5 26. Qd2 Bd7 27. f5 Rde8 28.
Rf4 Re4 29. Rcf1 Rxf4 30. Rxf4 Re8 31. a3 Re4 32. Rxe4 dxe4 33. Qe3 Qd5 34. g4
g6 35. Ne2 1/2-1/2

[Event "FIDE Grand Swiss 2019"]
[Site "Douglas"]
[Date "18.10.2019"]
[Round "8.28"]
[White "Saric, Ivan"]
[Black "Rakhmanov, Aleksandr"]
[Result "0-1"]
[WhiteTitle "GM"]
[BlackTitle "GM"]
[WhiteElo "2667"]
[BlackElo "2621"]
[WhiteFideId "14508150"]
[BlackFideId "4173708"]
[EventDate "2019.10.10"]

1. e4 e5 2. Nf3 Nf6 3. Nxe5 d6 4. Nf3 Nxe4 5. Nc3 Nf6 6. d4 Be7 7. Bd3 O-O 8.
O-O Nc6 9. h3 Nb4 10. Be2 c6 11. a3 Nbd5 12. Nxd5 cxd5 13. Ne1 Bf5 14. Nd3 Ne8
15. Nf4 Nc7 16. Bf3 Be4 17. Re1 f5 18. Bh5 g6 19. Bxg6 hxg6 20. Nxg6 Rf6 21. Nf4
Ne6 22. f3 Nxf4 23. Bxf4 Qe8 24. fxe4 dxe4 25. Re3 Rg6 26. Qe2 Qf7 27. Rf1 Qg7
28. c3 Rf8 29. Kh1 Bg5 30. Rg3 Bxf4 31. Rxg6 Qxg6 32. Rxf4 Qg3 33. Rf1 Kg7 34.
c4 Kg6 35. Kg1 Rh8 36. Qf2 Qxf2+ 37. Rxf2 Kg5 38. Re2 Kf4 39. Rf2+ Ke3 40. Rxf5
Kd2 41. Rf2+ Kd3 42. Rf4 e3 43. d5 b5 44. cxb5 Rc8 45. Rf1 e2 46. Ra1 Kd2 0-1

[Event "FIDE Grand Swiss 2019"]
[Site "Douglas"]
[Date "18.10.2019"]
[Round "8.29"]
[White "Eljanov, Pavel"]
[Black "Abasov, Nijat"]
[Result "1/2-1/2"]
[WhiteTitle "GM"]
[BlackTitle "GM"]
[WhiteElo "2663"]
[BlackElo "2632"]
[WhiteFideId "14102951"]
[BlackFideId "13402960"]
[EventDate "2019.10.10"]

1. e4 c5 2. Nf3 e6 3. c4 Nc6 4. d4 cxd4 5. Nxd4 Nf6 6. Nc3 Bc5 7. Nb3 Bb4 8. Bd3
d5 9. exd5 exd5 10. cxd5 Nxd5 11. O-O Nxc3 12. bxc3 Be7 13. Bf4 Be6 14. Re1 Qd7
15. Qf3 Rd8 16. Rad1 Qc8 17. Nd4 Nxd4 18. cxd4 O-O 19. Be5 Bd6 20. Qe4 f5 21.
Qf4 Bxe5 22. Rxe5 Bxa2 23. h4 Kh8 24. Re7 Rd7 25. Rde1 Qd8 26. Qg5 Rxe7 27. Rxe7
Qxd4 28. Rxb7 Bg8 29. h5 h6 30. Qe3 Qa1+ 31. Kh2 Qf6 32. Qe7 Qxe7 33. Rxe7 Bf7
34. Be2 Re8 35. Rxf7 1/2-1/2

[Event "FIDE Grand Swiss 2019"]
[Site "Douglas"]
[Date "18.10.2019"]
[Round "8.31"]
[White "Puranik, Abhimanyu"]
[Black "Kasimdzhanov, Rustam"]
[Result "0-1"]
[WhiteTitle "GM"]
[BlackTitle "GM"]
[WhiteElo "2571"]
[BlackElo "2657"]
[WhiteFideId "5061245"]
[BlackFideId "14200244"]
[EventDate "2019.10.10"]

1. e4 e5 2. Nf3 Nc6 3. Bc4 Bc5 4. c3 Nf6 5. d3 d6 6. O-O h6 7. Re1 O-O 8. h3 a6
9. a4 Ba7 10. Nbd2 Re8 11. Nf1 Be6 12. Bxe6 Rxe6 13. Ng3 d5 14. b4 Ne7 15. Qb3
Ng6 16. Be3 Bxe3 17. Rxe3 c6 18. Ree1 Qc7 19. b5 dxe4 20. dxe4 cxb5 21. axb5 Rc8
22. bxa6 bxa6 23. Ra3 Nf4 24. Rea1 Nd7 25. c4 g6 26. Kh2 Nc5 27. Qe3 Kg7 28. Nf1
Rb6 29. N1d2 Nfe6 30. Nb3 Nd4 31. Nxc5 Nc2 32. Qc3 Nxa3 33. Na4 Nxc4 34. Nxb6
Qxb6 35. Nxe5 Qf6 36. Rc1 Nd6 37. Nc6 Qxc3 38. Rxc3 Nxe4 39. Re3 Nxf2 40. Nd4
Rd8 41. Nc6 Rd6 42. Na5 Nd3 43. Re7 Re6 44. Ra7 h5 45. Nb3 Rd6 46. Nd2 Nc5 47.
Nf3 Kf6 48. Rc7 Ne6 49. Ra7 g5 50. h4 g4 51. Ng5 Nxg5 52. hxg5+ Kxg5 53. Rxf7 a5
54. Rg7+ Kf4 55. Rf7+ Ke4 56. Ra7 Rd5 57. Kg3 Kd4 58. Kh4 g3 59. Kxg3 Rf5 60.
Kh4 Kc4 61. g3 Kb4 62. Re7 Rc5 63. Rb7+ Rb5 64. Rf7 a4 65. Rf4+ Ka5 66. Rf3 Rc5
67. Re3 Kb4 68. Rf3 a3 69. Rf2 Ra5 0-1

[Event "FIDE Grand Swiss 2019"]
[Site "Douglas"]
[Date "18.10.2019"]
[Round "8.36"]
[White "L'Ami, Erwin"]
[Black "Vallejo Pons, Francisco"]
[Result "0-1"]
[WhiteTitle "GM"]
[BlackTitle "GM"]
[WhiteElo "2619"]
[BlackElo "2694"]
[WhiteFideId "1007998"]
[BlackFideId "2205530"]
[EventDate "2019.10.10"]

1. d4 e6 2. c4 d5 3. Nc3 a6 4. cxd5 exd5 5. Bf4 Nf6 6. e3 c5 7. Nf3 c4 8. Be2 b5
9. O-O Bb7 10. Ne5 Be7 11. Bf3 O-O 12. Qc2 Nbd7 13. Rfd1 Rc8 14. a3 Nb6 15. Qf5
Na8 16. Bg5 g6 17. Qh3 Nc7 18. Bxf6 Bxf6 19. Nd7 Re8 20. Nc5 Bc6 21. Bg4 Ra8 22.
Bd7 Bxd7 23. Qxd7 Qxd7 24. Nxd7 Be7 25. Nc5 a5 26. b4 Ra7 27. Rab1 axb4 28. axb4
Ra3 29. Rdc1 f5 30. g3 Kf7 31. h4 Rea8 32. Kf1 Ke8 33. Ke2 Bxc5 34. dxc5 Kd7 35.
Kd2 Kc6 36. Kc2 d4 37. exd4 Nd5 38. Kd2 Nxc3 39. Rxc3 Kd5 40. Rd1 Ra2+ 41. Rc2
R2a4 42. Rb2 Ra3 43. Ke1 Re8+ 44. Re2 Re4 45. Rxe4 fxe4 46. Ke2 c3 47. f3 exf3+
48. Kd3 f2 49. Rf1 c2+ 50. Kd2 Ra6 51. Kd3 h6 52. Kd2 g5 53. hxg5 hxg5 54. Kc3
Ke4 55. g4 Ra8 56. c6 Rc8 0-1

[Event "FIDE Grand Swiss 2019"]
[Site "Douglas"]
[Date "18.10.2019"]
[Round "8.37"]
[White "Inarkiev, Ernesto"]
[Black "Akobian, Varuzhan"]
[Result "1-0"]
[WhiteTitle "GM"]
[BlackTitle "GM"]
[WhiteElo "2693"]
[BlackElo "2625"]
[WhiteFideId "4162722"]
[BlackFideId "13300580"]
[EventDate "2019.10.10"]

1. e4 e6 2. d4 d5 3. Nc3 Nf6 4. Bg5 dxe4 5. Nxe4 Nbd7 6. Nf3 h6 7. Bxf6 Nxf6 8.
Bd3 c5 9. Nxf6+ gxf6 10. Qe2 Qa5+ 11. c3 Bd7 12. d5 O-O-O 13. dxe6 fxe6 14. O-O
Bd6 15. Rfe1 Kb8 16. Bc4 Rhe8 17. Rad1 Bc8 18. Nh4 Qc7 19. g3 Qg7 20. Qf3 Qg5
21. Nf5 Be5 22. Ne3 Rxd1 23. Qxd1 f5 24. Qa4 Rg8 25. Qc2 f4 26. Ng2 Qf6 27. Re4
Bc7 28. Qc1 fxg3 29. hxg3 Rg5 30. Qd1 e5 31. Ne3 b6 32. Bd5 h5 33. Qa4 Rg7 34.
Kg2 Bd8 35. Qe8 h4 36. Rxh4 Bd7 37. Qh8 e4 38. Rh6 Qe7 39. a4 Kc7 40. a5 bxa5
41. Bc4 Bc6 42. Nf5 e3+ 43. Rxc6+ 1-0

[Event "FIDE Grand Swiss 2019"]
[Site "Douglas"]
[Date "18.10.2019"]
[Round "8.39"]
[White "Paravyan, David"]
[Black "Ponomariov, Ruslan"]
[Result "1-0"]
[WhiteTitle "GM"]
[BlackTitle "GM"]
[WhiteElo "2602"]
[BlackElo "2675"]
[WhiteFideId "4194985"]
[BlackFideId "14103320"]
[EventDate "2019.10.10"]

1. e4 c5 2. Nf3 d6 3. d4 cxd4 4. Nxd4 Nf6 5. Nc3 a6 6. Bd3 Nc6 7. Nxc6 bxc6 8.
b3 g6 9. Bb2 Bg7 10. Qd2 O-O 11. O-O-O a5 12. Na4 d5 13. e5 Nd7 14. Qe3 Qc7 15.
f4 c5 16. h4 d4 17. Qf3 Nb6 18. Nxb6 Qxb6 19. h5 Rd8 20. Rh2 Be6 21. hxg6 hxg6
22. Be4 Rac8 23. g4 c4 24. Rdh1 Kf8 25. f5 Bxe5 26. fxe6 Qxe6 27. Rh6 Bf6 28.
Kb1 Qe5 29. g5 Qxg5 30. Qh3 Qe5 31. bxc4 Rb8 32. Ka1 a4 33. Bd3 Bg7 34. Rh7 f5
35. c5 Kf7 36. Bc4+ e6 37. Qd3 Qxc5 38. Ba3 Qe5 39. Bc1 Rb6 40. a3 Rh8 41. Rxh8
Bxh8 42. Bd2 Bg7 43. Re1 Qh2 44. Bb4 Bf6 45. Kb1 Qg2 46. Re2 Qg4 47. Ka2 Be7 48.
Ba5 Rc6 49. Bb5 Rc5 50. Bb4 Rc7 51. Bxe7 Rc3 52. Qd2 Kxe7 53. Qh6 Re3 54. Qg7+
Kd6 55. Rd2 Re4 56. Qd7+ Ke5 57. Qc7+ Kf6 58. Qd8+ Ke5 59. Qh8+ Kd6 60. Qb8+ Ke7
61. Rh2 Re3 62. Rh7+ Kf6 63. Qh8+ Kg5 64. Qd8+ Kf4 65. Rh4 1-0

[Event "FIDE Grand Swiss 2019"]
[Site "Douglas"]
[Date "18.10.2019"]
[Round "8.40"]
[White "Van Foreest, Jorden"]
[Black "Sasikiran, Krishnan"]
[Result "1/2-1/2"]
[WhiteTitle "GM"]
[BlackTitle "GM"]
[WhiteElo "2621"]
[BlackElo "2675"]
[WhiteFideId "1039784"]
[BlackFideId "5004985"]
[EventDate "2019.10.10"]

1. e4 c5 2. Nf3 d6 3. d4 cxd4 4. Nxd4 Nf6 5. Nc3 a6 6. Be3 Ng4 7. Bg5 h6 8. Bh4
g5 9. Bg3 Bg7 10. h3 Ne5 11. Nf5 Bxf5 12. exf5 Nbd7 13. Be2 Nf6 14. Bxe5 dxe5
15. Qxd8+ Rxd8 16. Bf3 Rd7 17. O-O Rc7 18. Rae1 h5 19. g3 g4 20. hxg4 hxg4 21.
Bd1 Rh5 22. Rxe5 Nd7 23. Re4 Bxc3 24. bxc3 Rxf5 25. Bxg4 Rfc5 26. Bxd7+ Rxd7 27.
c4 Ra5 28. Ra1 Ra4 29. Rh4 Rc7 30. Rh8+ Kd7 31. Rh7 f6 32. Re1 Kd6 33. c5+ Kxc5
34. Rhxe7 Rxe7 35. Rxe7 b5 36. Kf1 Rxa2 37. Ke1 Kd6 38. Rf7 Ke5 39. Kd2 Ra3 40.
f4+ Ke6 41. Rg7 Kf5 42. c3 Ke4 43. Re7+ Kf3 44. Rf7 Kxg3 1/2-1/2

[Event "FIDE Grand Swiss 2019"]
[Site "Douglas"]
[Date "18.10.2019"]
[Round "8.41"]
[White "Bacrot, Etienne"]
[Black "Esipenko, Andrey"]
[Result "1/2-1/2"]
[WhiteTitle "GM"]
[BlackTitle "GM"]
[WhiteElo "2671"]
[BlackElo "2624"]
[WhiteFideId "605506"]
[BlackFideId "24175439"]
[EventDate "2019.10.10"]

1. e4 e5 2. Nf3 Nc6 3. Bc4 Bc5 4. c3 Nf6 5. d3 d6 6. O-O O-O 7. Re1 a5 8. Bg5 h6
9. Bh4 g5 10. Bg3 Nh7 11. d4 Bb6 12. dxe5 h5 13. h4 Bg4 14. hxg5 Nxg5 15. exd6
h4 16. Bh2 cxd6 17. Nbd2 Ne5 18. Be2 Bxf3 19. Nxf3 Ng4 20. Nd4 Nxh2 21. Kxh2 Qf6
22. Bd3 Bxd4 23. cxd4 Qxf2 24. Qg4 f6 25. e5 dxe5 26. dxe5 Rad8 27. Rad1 Rxd3
28. Qc4+ Nf7 29. Qxd3 Nxe5 30. Qh3 Qxb2 31. Re4 f5 32. Rxh4 Ng4+ 33. Rxg4+ fxg4
34. Qxg4+ Qg7 35. Qc4+ Qf7 36. Rd5 Qf4+ 37. Qxf4 Rxf4 38. Rxa5 Rf2 39. Kg3 Rb2
40. Kf3 b5 41. g4 b4 42. Ke4 1/2-1/2

[Event "FIDE Grand Swiss 2019"]
[Site "Douglas"]
[Date "18.10.2019"]
[Round "8.42"]
[White "Safarli, Eltaj"]
[Black "Berkes, Ferenc"]
[Result "1/2-1/2"]
[WhiteTitle "GM"]
[BlackTitle "GM"]
[WhiteElo "2593"]
[BlackElo "2667"]
[WhiteFideId "13402129"]
[BlackFideId "718572"]
[EventDate "2019.10.10"]

1. e4 c6 2. d4 d5 3. exd5 cxd5 4. Bd3 Nc6 5. c3 Nf6 6. h3 g6 7. Nf3 Bf5 8. Be2
e6 9. O-O h5 10. Qb3 Rb8 11. Re1 Bd6 12. Bg5 Kf8 13. Nbd2 Kg7 14. c4 Be7 15. Bf4
Bd6 16. Bg5 Be7 17. Bf4 Bd6 18. Bg5 1/2-1/2

[Event "FIDE Grand Swiss 2019"]
[Site "Douglas"]
[Date "18.10.2019"]
[Round "8.43"]
[White "Ganguly, Surya Shekhar"]
[Black "Nihal, Sarin"]
[Result "1/2-1/2"]
[WhiteTitle "GM"]
[BlackTitle "GM"]
[WhiteElo "2658"]
[BlackElo "2610"]
[WhiteFideId "5002150"]
[BlackFideId "25092340"]
[EventDate "2019.10.10"]

1. Nf3 d5 2. g3 g6 3. Bg2 Bg7 4. d4 Nf6 5. O-O O-O 6. c4 dxc4 7. Na3 c5 8. dxc5
c3 9. Nb5 Na6 10. Nxc3 Nxc5 11. Be3 Nfe4 12. Nxe4 Nxe4 13. Nd4 Nd6 14. Qb3 Qa5
15. Rfd1 Bd7 16. Qd5 Qxd5 17. Bxd5 Rac8 18. Rac1 Rxc1 19. Rxc1 Rc8 20. Rxc8+
Bxc8 21. Kf1 e6 22. Bb3 Kf8 23. Nf3 b6 24. Bf4 Ke7 25. Ne5 Bb7 26. f3 Nf5 27. g4
Nd4 28. Bd1 Nc6 29. Bg5+ f6 30. Nxc6+ Bxc6 31. Bh4 Kd7 32. e4 f5 33. exf5 exf5
34. gxf5 1/2-1/2

[Event "FIDE Grand Swiss 2019"]
[Site "Douglas"]
[Date "18.10.2019"]
[Round "8.45"]
[White "Oparin, Grigoriy"]
[Black "Jobava, Baadur"]
[Result "1/2-1/2"]
[WhiteTitle "GM"]
[BlackTitle "GM"]
[WhiteElo "2654"]
[BlackElo "2617"]
[WhiteFideId "24125890"]
[BlackFideId "13601520"]
[EventDate "2019.10.10"]

1. Nf3 b6 2. e4 Bb7 3. Nc3 e6 4. d4 Bb4 5. Bd3 Ne7 6. O-O Bxc3 7. bxc3 d6 8. Re1
Nd7 9. a4 h6 10. e5 O-O 11. Ba3 d5 12. a5 Re8 13. Nh4 Nc6 14. Qg4 Qg5 15. Qh3 h5
16. a6 Bc8 17. Be2 Qh6 18. Bc1 Qh8 19. Bd3 Ne7 20. Re3 Nf8 21. Rg3 c5 22. Bg5
Nf5 23. Nxf5 exf5 24. Bxf5 cxd4 25. cxd4 Bxf5 26. Qxf5 Rac8 27. c3 Qh7 28. Qf3
Ne6 29. Bd2 Qc2 30. Rd1 g6 31. Qxh5 Rxc3 32. Rxc3 Qxc3 33. Qxg6+ fxg6 34. Bxc3
Rc8 35. Bd2 Rc4 36. Be3 b5 37. f4 b4 38. Rd3 Nc7 39. g4 Nxa6 40. f5 Nc7 41. e6
a5 42. Bf4 a4 43. Rh3 Rc6 44. Rh6 gxf5 45. gxf5 a3 46. Rg6+ Kh7 47. Rh6+ Kg8 48.
Rg6+ 1/2-1/2

[Event "FIDE Grand Swiss 2019"]
[Site "Douglas"]
[Date "18.10.2019"]
[Round "8.46"]
[White "Gonzalez Vidal, Yuri"]
[Black "Sevian, Samuel"]
[Result "0-1"]
[WhiteTitle "GM"]
[BlackTitle "GM"]
[WhiteElo "2552"]
[BlackElo "2654"]
[WhiteFideId "3503321"]
[BlackFideId "2040506"]
[EventDate "2019.10.10"]

1. e4 e6 2. d4 d5 3. Nd2 Be7 4. Ngf3 Nf6 5. e5 Nfd7 6. Bd3 c5 7. c3 Nc6 8. O-O
g5 9. dxc5 Ndxe5 10. Bb5 Ng6 11. c4 O-O 12. cxd5 Qxd5 13. Nb3 g4 14. Nfd2 Nce5
15. Re1 a6 16. Bf1 a5 17. a4 Rd8 18. Qc2 Nd3 19. Bxd3 Qxd3 20. Qxd3 Rxd3 21. Ra3
e5 22. Nc4 Be6 23. Nbxa5 Rxa3 24. bxa3 Bxc5 25. Nxb7 Bd4 26. Ncd6 Bd5 27. Be3
Rxa4 28. Nc5 Rxa3 29. Bxd4 exd4 30. h3 gxh3 31. Nf5 h5 32. Nd7 Ra6 33. g3 d3 34.
f4 Kh8 35. Kh2 Ra2+ 0-1

[Event "FIDE Grand Swiss 2019"]
[Site "Douglas"]
[Date "18.10.2019"]
[Round "8.47"]
[White "Motylev, Alexander"]
[Black "Saduakassova, Dinara"]
[Result "1/2-1/2"]
[WhiteTitle "GM"]
[BlackTitle "IM"]
[WhiteElo "2651"]
[BlackElo "2481"]
[WhiteFideId "4121830"]
[BlackFideId "13700090"]
[EventDate "2019.10.10"]

1. e4 e5 2. Nc3 Nc6 3. Bc4 Nf6 4. d3 h6 5. a3 Bc5 6. h3 a6 7. Nge2 d6 8. Ng3 Nd4
9. O-O Be6 10. Nd5 Nxd5 11. exd5 Bd7 12. c3 Nf5 13. Nxf5 Bxf5 14. d4 Bb6 15. Re1
Qh4 16. Qf3 Bg6 17. Bf4 e4 18. Rxe4+ Bxe4 19. Qxe4+ Qe7 20. Qf5 g6 21. Qg4 h5
22. Qg3 O-O-O 23. Bg5 f6 24. Bd2 Qe4 25. a4 Qc2 26. Qd3 Qxd3 27. Bxd3 f5 28. a5
Ba7 29. b4 Kd7 30. b5 axb5 31. Bxb5+ c6 32. Bc4 c5 33. a6 Kc7 34. axb7 Kxb7 35.
Bb5 Bb6 36. Bc6+ Kc7 37. Re1 Rh7 38. Re6 cxd4 39. Rxg6 Ba5 40. Rg3 h4 41. Rd3
dxc3 42. Bxc3 Bxc3 43. Rxc3 Kb6 44. Rf3 Rg8 45. Rxf5 Rhg7 46. Rf4 Rxg2+ 47. Kf1
Rg1+ 48. Ke2 Rh8 49. Bd7 Kc5 50. Be6 Rb1 1/2-1/2

[Event "FIDE Grand Swiss 2019"]
[Site "Douglas"]
[Date "18.10.2019"]
[Round "8.48"]
[White "Baron, Tal"]
[Black "Riazantsev, Alexander"]
[Result "1-0"]
[WhiteTitle "GM"]
[BlackTitle "GM"]
[WhiteElo "2531"]
[BlackElo "2645"]
[WhiteFideId "2809958"]
[BlackFideId "4125029"]
[EventDate "2019.10.10"]

1. e4 c5 2. Nf3 Nc6 3. d4 cxd4 4. Nxd4 e5 5. Nb5 d6 6. N1c3 a6 7. Na3 Be6 8. Nc4
Rb8 9. Bd3 g6 10. O-O Bg7 11. Nd5 Bxd5 12. exd5 Nce7 13. Ne3 f5 14. c4 Nf6 15.
f4 O-O 16. Kh1 Nd7 17. Rb1 Kh8 18. b3 Ng8 19. Bb2 Ngf6 20. fxe5 Nxe5 21. Nc2
Nfg4 22. Be2 Qh4 23. Bxg4 Nxg4 24. Bxg7+ Kxg7 25. Qd4+ Kg8 26. h3 f4 27. Rbe1
Nh6 28. Kg1 b5 29. cxb5 Rxb5 30. Qe4 Qf6 31. g4 Qc3 32. Rf3 Qc5+ 33. Nd4 Rb4 34.
Rd1 g5 35. a3 Rb5 36. Re1 Nf7 37. b4 Qa7 38. Kf1 Ne5 39. Rc3 f3 40. Ne6 Rb7 41.
Nxf8 Kxf8 42. Qf5+ 1-0

[Event "FIDE Grand Swiss 2019"]
[Site "Douglas"]
[Date "18.10.2019"]
[Round "8.49"]
[White "Chigaev, Maksim"]
[Black "Lu, Shanglei"]
[Result "1/2-1/2"]
[WhiteTitle "GM"]
[BlackTitle "GM"]
[WhiteElo "2644"]
[BlackElo "2602"]
[WhiteFideId "4108116"]
[BlackFideId "8603332"]
[EventDate "2019.10.10"]

1. c4 e6 2. g3 Nf6 3. Bg2 d5 4. Nf3 d4 5. O-O c5 6. e3 Nc6 7. exd4 cxd4 8. d3
Bd6 9. Bg5 h6 10. Bxf6 Qxf6 11. Nbd2 Qe7 12. a3 a5 13. Ne4 Bc7 14. Rc1 f5 15.
Ned2 O-O 16. c5 Rd8 17. Re1 Kh7 18. Nc4 Rd5 19. Nfd2 Rxc5 20. Nb3 Rb5 21. a4 Rb4
22. Bxc6 bxc6 23. Nxd4 Qf6 24. Nxc6 Rb7 25. Qf3 Rb3 26. Qd1 Rb7 27. d4 Ra6 28.
Qf3 Bd7 29. N6e5 Bc8 30. Na3 Rab6 31. Nb5 Bxe5 32. dxe5 Qf8 33. Nd6 Rb8 34. Qc3
Bb7 35. Qxa5 Rxb2 36. Nxb7 R8xb7 37. Qc5 Qa8 38. a5 R7b5 39. Qe7 Qf3 40. Rf1
Rxe5 41. Rc7 Qg4 42. Qf6 Rbe2 1/2-1/2

[Event "FIDE Grand Swiss 2019"]
[Site "Douglas"]
[Date "18.10.2019"]
[Round "8.50"]
[White "Gukesh, D"]
[Black "Zvjaginsev, Vadim"]
[Result "1-0"]
[WhiteTitle "GM"]
[BlackTitle "GM"]
[WhiteElo "2520"]
[BlackElo "2644"]
[WhiteFideId "46616543"]
[BlackFideId "4113403"]
[EventDate "2019.10.10"]

1. e4 d6 2. d4 Nf6 3. Nc3 g6 4. Be3 Nc6 5. Qd2 Ng4 6. Bg5 f6 7. Bh4 Bh6 8. f4 f5
9. h3 Nf6 10. d5 Ne5 11. Qf2 Nf7 12. exf5 c6 13. fxg6 hxg6 14. Bxf6 exf6 15. Bd3
Qb6 16. Nge2 Qxf2+ 17. Kxf2 f5 18. g4 Bd7 19. g5 Bg7 20. h4 O-O-O 21. h5 gxh5
22. Ng3 Rdf8 23. Rxh5 Bd4+ 24. Kg2 Rxh5 25. Nxh5 Nh8 26. Ne2 Bb6 27. Nf6 Ng6 28.
Rh1 Ne7 29. Rh7 Kd8 30. Nxd7 Kxd7 31. Ng3 Kd8 32. dxc6 bxc6 33. Kf3 d5 34. Rh6
Bc7 35. Rh7 d4 36. Rxe7 Kxe7 37. Nxf5+ Ke8 38. Kg4 c5 39. Bc4 Bd8 40. Bd5 a5 41.
b3 Bc7 42. Bc4 Bd8 43. Nh4 Rh8 44. f5 Kd7 45. f6 Kd6 46. Nf5+ Ke5 47. f7 1-0

[Event "FIDE Grand Swiss 2019"]
[Site "Douglas"]
[Date "18.10.2019"]
[Round "8.51"]
[White "Kuzubov, Yuriy"]
[Black "Erdos, Viktor"]
[Result "1/2-1/2"]
[WhiteTitle "GM"]
[BlackTitle "GM"]
[WhiteElo "2636"]
[BlackElo "2604"]
[WhiteFideId "14112906"]
[BlackFideId "719978"]
[EventDate "2019.10.10"]

1. d4 d5 2. c4 dxc4 3. Nf3 a6 4. e3 b5 5. a4 Bb7 6. b3 e6 7. bxc4 bxc4 8. Bxc4
Nf6 9. Nbd2 c5 10. Rb1 Qc7 11. Bb2 Be7 12. O-O Nbd7 13. Qe2 O-O 14. Rfc1 Bc6 15.
e4 Bxa4 16. e5 Nd5 17. Ne4 N7b6 18. Nxc5 Bxc5 19. Bd3 Nf4 20. Bxh7+ Kxh7 21.
Ng5+ Kg8 22. Qg4 f6 23. exf6 Nbd5 24. fxg7 Qxg7 25. dxc5 e5 26. Re1 Bd7 27. Qg3
Rf5 28. h4 Bc6 29. Rbd1 Re8 30. Ne4 Re6 31. Qxg7+ Kxg7 32. Ng3 Rf7 33. Rxe5 Rxe5
34. Bxe5+ Kg6 35. Ra1 Nd3 36. Bd4 Rf4 37. h5+ Kg5 38. Bg7 N5b4 39. f3 Rf7 40.
Bc3 Rd7 41. Bd2+ Kf6 42. Bc3+ Kg5 43. Bd2+ 1/2-1/2